The creation of the American Republic, 1776-1787 / (Record no. 1234)

000 -LEADER
fixed length control field 01574nam a22003617a 4500
001 - CONTROL NUMBER
control field 2127140
003 - CONTROL NUMBER IDENTIFIER
control field OSt
005 - DATE AND TIME OF LATEST TRANSACTION
control field 20210426111307.0
008 - FIXED-LENGTH DATA ELEMENTS--GENERAL INFORMATION
fixed length control field 971202s1998 ncu b 001 0 eng
010 ## - LIBRARY OF CONGRESS CONTROL NUMBER
LC control number 97044269
020 ## - INTERNATIONAL STANDARD BOOK NUMBER
International Standard Book Number 0807824224 (cloth : alk. paper)
020 ## - INTERNATIONAL STANDARD BOOK NUMBER
International Standard Book Number 0807847232 (pbk. : alk. paper)
040 ## - CATALOGING SOURCE
Original cataloging agency DLC
Transcribing agency DLC
Modifying agency DLC
Language of cataloging eng
041 ## - LANGUAGE CODE
Language code of text/sound track or separate title eng
043 ## - GEOGRAPHIC AREA CODE
Geographic area code n-us---
050 00 - LIBRARY OF CONGRESS CALL NUMBER
Classification number JA84.U5
Item number W6 1998
080 ## - UNIVERSAL DECIMAL CLASSIFICATION NUMBER
Universal Decimal Classification number 94
Item number W-83
082 00 - DEWEY DECIMAL CLASSIFICATION NUMBER
Classification number 320.973/09/033
Edition number 21
100 1# - MAIN ENTRY--PERSONAL NAME
Personal name Wood, Gordon S.
245 14 - TITLE STATEMENT
Title The creation of the American Republic, 1776-1787 /
Statement of responsibility, etc. by Gordon S. Wood.
Remainder of title / by: Published for the Institute of Early American History and Culture at Williamsburg, Va., by the University of North Carolina Press,
260 ## - PUBLICATION, DISTRIBUTION, ETC.
Place of publication, distribution, etc. Chapel Hill
Name of publisher, distributor, etc. Published for the Institute of Early American History and Culture at Williamsburg, Va., by the University of North Carolina Press,
Date of publication, distribution, etc. c1998.
300 ## - PHYSICAL DESCRIPTION
Extent xxii, 653 p.
Dimensions 24 cm.
504 ## - BIBLIOGRAPHY, ETC. NOTE
Bibliography, etc. note Includes bibliographical references and index.
650 #0 - SUBJECT ADDED ENTRY--TOPICAL TERM
Topical term or geographic name entry element Political science
Geographic subdivision United States
General subdivision History.
650 #0 - SUBJECT ADDED ENTRY--TOPICAL TERM
Topical term or geographic name entry element History
9 (RLIN) 252
651 #0 - SUBJECT ADDED ENTRY--GEOGRAPHIC NAME
Geographic name United States
General subdivision History
-- Revolution, 1775-1783.
653 ## - INDEX TERM--UNCONTROLLED
Uncontrolled term ისტორია
653 ## - INDEX TERM--UNCONTROLLED
Uncontrolled term ამერიკის შეერთებული შტატების ისტორია
710 2# - ADDED ENTRY--CORPORATE NAME
Corporate name or jurisdiction name as entry element Institute of Early American History and Culture (Williamsburg, Va.)
906 ## - LOCAL DATA ELEMENT F, LDF (RLIN)
a 7
b cbc
c orignew
d 1
e ocip
f 19
g y-gencatlg
942 ## - ADDED ENTRY ELEMENTS (KOHA)
Source of classification or shelving scheme
Koha item type Books
Holdings
Withdrawn status Lost status Source of classification or shelving scheme Damaged status Not for loan Permanent location Current location Date acquired Inventory number Total Checkouts Full call number Barcode Date last seen Price effective from Koha item type
          Ken Walker International University Ken Walker International University 02/08/2021 203   94 W-83 203 02/08/2021 02/08/2021 Books

Powered by Koha